01443nam a2200349 i 4500001001000000003000900010005001700019007000300036008004100039020001800080040003000098041000800128082001700136100006000153245014600213250002300359264008000382300005500462336002700517337003300544338002800577500007300605500009500678500003400773504003900807590002600846700004300872910000700915942001400922952014000936999001701076000048339DO-SdBNP20260528092359.0ta190208s2016 dr ac 001 0 spa d a9789945082500 aDO-SdBNPbspacBNPHUerda aspa 4axxxbxxx2221 aUribe Peguero, Eurípides Antonio,eautor4aut.91167310aMilitares y autoritarismo :ben 100 años de evolución política (1916-2016) /cEurípides Antonio Uribe Peguero ; prólogo, Tony Raful asegunda edición  4aSanto Domingo, República Dominicana :bImpresora Soto Castillo, c©2016. a691 páginas :bilustraciones, retratos ;c23 cm. atextobtxt2rdacontent asin mediaciónbn2rdamedia avolumenbnc2rdacarrier aIncluye referencias bibliográficas y notas al pie de las páginas aIncluye datos biografícos del autor en la solapa de la cubiertaa e índice onomástico aIncluye índice onomástico aBibliografía : páginas 671-676 aInventariado, 2025/LP1 aRaful, Tony, eprologuista4tr.982882 aLP 2ddccLBS1 00102ddc51708PDaBNPHUbBNPHUcCTd2025-03-20eDepósito Legall0oBNPHU PD xxx U76m 2016p2025-4428r2025-05-20w2025-05-20yLBS1 c59059d59059